|
|
|
|
| LEADER |
00592nam a22001697a 4500 |
| 020 |
|
|
|a 9789380417769
|
| 082 |
|
|
|a H4
|b GAU/G
|
| 100 |
|
|
|a Gautam Sachdev
|9 46416
|
| 245 |
|
|
|a Gadhyapat ke deep (indradhanushi gadhya)/
|c by Gautam Sachdev
|
| 260 |
|
|
|a Kanpur:
|b Aman Prakashan,
|c 2012.
|
| 300 |
|
|
|a 151p.
|
| 650 |
|
|
|a Essays Hindi
|9 46417
|
| 650 |
|
|
|a Literature Hindi
|9 46418
|
| 650 |
|
|
|a Literature
|9 46419
|
| 942 |
|
|
|c BK
|
| 999 |
|
|
|c 71518
|d 71518
|
| 952 |
|
|
|0 0
|1 0
|4 0
|6 H_4_000000000000000_GAU_G
|7 0
|9 92130
|a SSUS
|b SSUS
|c STACKS
|d 2018-05-19
|g 300.00
|o H4 GAU/G
|p 089501
|r 2018-05-19
|w 2018-05-19
|y BK
|